003960000a22001210004500090001700000245010300017041001400120700003500134100003600169942001300205773003900218999001700257 aASbSeriadas10aCaracterización palinológica de la familia Celastraceae para Colombia - aproximación inicial0 aEspañol1 aSánchez, Luis Roberto9215491 aBogotá A., R. Giovanni999137 cARTICULO1 tCaldasia345h1q269-280d2001g23 c14379d14379